000 00277nam a22001217a 4500
008 180921b xxu||||| |||| 00| 0 eng d
041 _aeng
080 _27th
_a338
100 _a53
101 _aMEN
245 _aManagement information systems
_cO'brien,J.A
942 _2udc
_cBK
999 _c48161
_d48161